Central Library OPAC University of Rajshahi

The woman in the dunes / (Record no. 22371)

MARC details
000 -LEADER
fixed length control field 01216cam a2200325 a 4500
001 - CONTROL NUMBER
control field 22371
003 - CONTROL NUMBER IDENTIFIER
rucl marc code BD-RjUL
005 - DATE AND TIME OF LATEST TRANSACTION
control field 20211209000811.0
008 - FIXED-LENGTH DATA ELEMENTS--GENERAL INFORMATION
fixed length control field 140308r19761967nyua 000 1 eng d
020 ## - INTERNATIONAL STANDARD BOOK NUMBER
International Standard Book Number 02930002074615
035 ## - SYSTEM CONTROL NUMBER
System control number (BD-RjUL)22436
040 ## - CATALOGING SOURCE
Original cataloging agency DLC
Transcribing agency DLC
Modifying agency DLC
-- OCoLC
-- DLC
-- BD-RjUL
Language of cataloging eng
041 1# - LANGUAGE CODE
Language code of text/sound track or separate title eng
Language code of original jpn
082 00 - DEWEY DECIMAL CLASSIFICATION NUMBER
Classification number 895.635
Edition number 20
Author mark and year ABW 1976
100 1# - MAIN ENTRY--PERSONAL NAME
Personal name Abe, Kōbō,
Dates associated with a name 1924-1993.
9 (RLIN) 69070
245 14 - TITLE STATEMENT
Title The woman in the dunes /
Statement of responsibility, etc. by Kobo Abé ; translated from the Japanese by E. Dale Saunders ; with drawings by Machi Abé.
250 ## - EDITION STATEMENT
Edition statement First Tuttle Edition.
260 ## - PUBLICATION, DISTRIBUTION, ETC. (IMPRINT)
Place of publication, distribution, etc. New York :
Name of publisher, distributor, etc. Vintage Books,
Date of publication, distribution, etc. 1967 [Reprinted 1976]
300 ## - PHYSICAL DESCRIPTION
Pagination 239 p. :
Illustrations ill. ;
Size 21 cm.
500 ## - GENERAL NOTE
General note Translation of: Suna no onna.
650 #0 - SUBJECT ADDED ENTRY--TOPICAL TERM
Topical term or geographic name as entry element Psychological fiction, Japanese.
9 (RLIN) 69071
700 1# - ADDED ENTRY--PERSONAL NAME
Personal name Saunders, Dale E
856 42 - ELECTRONIC LOCATION AND ACCESS
Materials specified Publisher description
Uniform Resource Identifier <a href="http://www.loc.gov/catdir/description/random044/90050625.html">http://www.loc.gov/catdir/description/random044/90050625.html</a>
Materials specified Contributor biographical information
Uniform Resource Identifier <a href="http://www.loc.gov/catdir/enhancements/fy1306/90050625-b.html">http://www.loc.gov/catdir/enhancements/fy1306/90050625-b.html</a>
942 ## - ADDED ENTRY ELEMENTS (KOHA)
Source of classification or shelving scheme Dewey Decimal Classification
Koha item type Books
Holdings
Lost status Source of classification or shelving scheme Damaged status Not for loan Collection code Permanent Location Current Location Shelving location Date acquired Source of acquisition Total Checkouts Full call number Date last seen Copy number Koha item type
  Dewey Decimal Classification   Added to bundle Fiction Central Library, University of Rajshahi Central Library, University of Rajshahi Reading Room 26/04/1979 The Japan Fundation Fift   895.635 ABW 1976 08/03/2014 C-1 Books